LEADER 01073nam a2200217 i 4500 001 000000217437 003 CaOOAMICUS 005 20241104104413.0 008 121205s1928 it u000 u ita u 040 $aSeMil$bita 100 1 $aLandulfus : Mediolanensis,$d.$0(OLS)http://semarc/name/120828 245 13$aLa cronaca milanese di Landolfo Seniore, sec. 11 /$ctraduzione italiana con note storiche di Alessandro Visconti. 264 1$aMilano :$bStabilimento Tipo-litografico Stucchi, Ceretti,$c1928. 300 $aXVIII, 173 p. ;$c18 cm. 650 4$aMilano - Storia - Origini-Sec. 11.$0(OLS)http://semarc/subject/56582 700 1 $aVisconti, Alessandro,$d<1884-1955>.$0(OLS)http://semarc/name/57742 850 $aSeMil 852 $aSeMil$W1$xVenegono$y1$m3O I 62$j167851$B167851$CSeMilBibl$Z2$F178625 $8M 996 $6245$aLa cronaca milanese di Landolfo Seniore, sec. 11$9(OLS)http://semarc/title/312397 996 $6264$aMilano :$bStabilimento Tipo-litografico Stucchi, Ceretti$9(OLS)http://semarc/publisher/44042 LEADER 01066nam a2200241 i 4500 001 000000119339 003 CaOOAMICUS 005 20031023000000.0 008 031023s2001 it u000 u ita u 013 $a92032 040 $aSeMil$bita 100 1 $aFernández Gracia, Riccardo.$0(OLS)http://semarc/name/49774 245 13$aIl venerabile Giovanni de Palafox :$b(Fitero, 1600-Burgo de Osma, 1659) : profilo biografico /$cRiccardo Fernández Gracia. 260 $aRoma :$b[s.n.],$c2001. 300 $a115 p. ;$c24 cm. 500 $aContiene : Bibliografia. - Fondo Card. C.M. Martini. 600 14$aPalafox y Mendoza, Juan : de .$0(OLS)http://semarc/subject/1686 850 $aSeMil 852 $aSeMil$W1$xVenegono$y1$m3J VI 49$j74563$B74563$CSeMilBibl$Z2$F87471 $81 941 1 $a4 961 $aOmaggio: Martini Card. Carlo Maria 996 $6245$aIl venerabile Giovanni de Palafox :$b(Fitero, 1600-Burgo de Osma, 1659) : profilo biografico$9(OLS)http://semarc/title/175380 996 $6260$aRoma :$b[s.n.]$9(OLS)http://semarc/publisher/29738